| 000 | 00510nam a2200169Ia 4500 | ||
|---|---|---|---|
| 999 |
_c6174 _d6174 |
||
| 003 | OSt | ||
| 005 | 20200121130146.0 | ||
| 008 | 190216s9999||||xx |||||||||||||| ||und|| | ||
| 020 | _a9788172248789 | ||
| 040 | _coclc | ||
| 082 |
_a332.6320973 _bSTR/P |
||
| 100 |
_aStrong, Robert A _91382 |
||
| 245 | 0 |
_aPortfolio Management Hand Book / _cRobert A Strong |
|
| 260 |
_bJaico Publishing House, _c2001. _aMumbai: |
||
| 300 | _a561p | ||
| 942 |
_cBK _2ddc _h332.6320973 _iSTR/S _k332.6320973 _mSTR/S |
||